00581nam a2200145Ia 4500008004100000020001800041245012500059260002200184440001900206650001700225650006000242856004100302999001900343952007300362171212s9999 xx 000 0 und d a9781925022797 ceditor Tamatoa Bambridge, aThe RahuibLegal pluralism in Polynesian traditional management of resources and territories bANU E Pressc2016 aPacific Series aAnthropology aLegal polycentricity -- Polynesia; Polynesia -- History uhttp://jstor.org/stable/j.ctt1bw1hdq c351383d351383 001040aCLbCLd2017-12-12l0r2017-12-12 00:00:00w2017-12-12yCBE